LEADER 01057nam0 22002891i 450 001 UON00300791 005 20231205104003.334 100 $a20070918d1947 |0itac50 ba 101 $aita 102 $aIT 105 $a|||| 1|||| 200 1 $aKordjan$aMazeppa$fGiulio Slowacki$gA cura di Clotilde Garosci 210 $aTorino$cUTET$d1947 215 $a312 p.$d17 cm. 410 1$1001UON00019339$12001 $aˆI ‰grandi scrittori stranieri$ecollana di traduzioni 620 $aIT$dTorino$3UONL000014 676 $a891.85$cLetteratura polacca$v21 700 1$aSlowacki$bJuliusz$3UONV114251$0444683 702 1$aGAROSCI$bClotilde$3UONV114303 712 $aUtet$3UONV246439$4650 801 $aIT$bSOL$c20250725$gRICA 899 $aSIBA - SISTEMA BIBLIOTECARIO DI ATENEO$2UONSI 912 $aUON00300791 950 $aSIBA - SISTEMA BIBLIOTECARIO DI ATENEO$dSI FD POLACCO 0057 $eSI MR 25255 7 0057 996 $aMazeppa$91374931 996 $aKordjan$91374930 997 $aUNIOR LEADER 01670nam0 22003371i 450 001 UON00530015 005 20260312112927.271 010 $a978-90-04-16371-3 100 $a20251210d2008 |0itac50 ba 101 $aeng 102 $aNL 105 $a|||| ||||| 200 1 $aInstructions for the netherworld$ethe Orphic Gold Tablets$fby Alberto Bernabé, Ana Isabel Jiménez San Cristóbal$gwith an iconographical appendix by Ricardo Olmos and illustrations by Sara Olmos$gtranslated by Michael Chase 210 $aLeiden$aBoston$cBrill$d2008 215 $axii, 379 p.$cill.$d25 cm. 410 1$1001UON00014645$12001 $aReligions in the Graeco-roman world$vvol.162 606 $aOrfismo$3UONC046689$2FI 620 $aNL$dLeiden$3UONL003056 676 $a292$cReligione classica (Religione greca e romana)$v21 700 1$aBernabé$bAlberto$3UONV095519$0388153 701 1$aJiménez San Cristòbal$bAna Isabel$3UONV095520$0615844 702 1$aOlmos$bRicardo$3UONV149389 702 1$aOlmos$bSara$3UONV298310 712 $aBrill$3UONV245886$4650 801 $aIT$bSOL$c20260320$gRICA 899 $aSIBA - SISTEMA BIBLIOTECARIO DI ATENEO E ARCHIVIO STORICO$2UONSI 912 $aUON00530015 950 $aSIBA - SISTEMA BIBLIOTECARIO DI ATENEO E ARCHIVIO STORICO$dSI T 1 LORACOLA 008 - SOPPALCO 2°PIA$eSI 53695 5 008 - SOPPALCO 2°PIA 951 $aSIBA - SISTEMA BIBLIOTECARIO DI ATENEO E ARCHIVIO STORICO$bSI2025967 1J 20251210Bolla di consegna n. 13 del 17-12-2025 996 $aInstructions for the netherworld$91464471 997 $aUNIOR